000 02026cam a22004934i 4500
003 PE-LiUPU
005 20250731184554.0
008 150625s2005 pe a rb 000 0 spa d
020 _a9972752704
035 _a(Sirsi) i9789972752704
040 _aPE-LiUPU
_bspa
_cPE-LiUPU
_erda
049 _aPRUA
082 0 4 _a909
_bS18
_221
110 2 _aSalvat Editores
245 1 0 _aFin de siglo Las claves del siglo XXI.
_n20 /
_cSalvat Editores.
264 1 _aLima :
_bSalvat Editores,
_c2005.
300 _a424 páginas :
_bilustraciones, fotos, mapas, diagrs ;
_c22 centímetros
336 _atext
_2rdacontent
337 _aunmediated
_2rdamedia
338 _avolume
_2rdacarrier
490 0 _aHistoria Universal ;
_v20
504 _aIncluye referencias bibliográficas al final de cada artículo.
505 0 _aLas relaciones internacionales desde 1979 - 1980. -Guerras y conflictos armados, 1980-2004. -Los nuevos modelos culturales. -El proceso de globalización. -Europa: de Solidarnosc a la Constitución Europea. - De Ronald Reagan a George W. Bush. El ascenso del conservadurismo en EE.UU. -América Latina, de la "década perdida" a los inicios del siglo XXI. -Asia desde 1980. -África desde 1980. - Los caminos de la memoria.
526 _aP136
526 _aP135
526 _aP134
526 _aP133
526 _aP144
526 _aP143
526 _aP87
526 _aP35
526 _aP20
526 _aP14
526 _aP10
526 _aP06
650 0 4 _aGlobalización.
650 0 4 _aRelaciones internacionales
_y1979-1980.
942 _2ddc
_cBOOK
949 _a909 S18 20
_wDEWEY
_c1
_i55696
_lCCODEBUL1
_mBUL
_p6.00
_r0
_sY
_tBOOK
_u2015-6-25
_xEDUCACION
_zUNKNOWN
_0COMPRA
_o.STAFF. Colección General
994 _aC0
_bPEPRU
596 _a1
999 _a909 S18 20
_wDEWEY
_c44555
_i55696
_f2021-11-9
_g5
_lCCODEBUL1
_mBUL
_p6.00
_r0
_sY
_tBOOK
_u2015-6-25
_xEDUCACION
_zUNKNOWN
_0COMPRA
_o.STAFF. Colección General
_d44555
980 _81
_gALBERTO SANCHEZ Responsable de Automatización